000
00320nam a2200133Ia 4500
005
20251222144738.0
008
251222s9999||||xx |||||||||||||| ||spa||
020
_a
9972-608-06-2
082
_a
869.56/O31
100
_a
Ochoa Siguas, Nancy
245
0
_a
Niimúhe:
264
_b
Banco Central de Reserva
942
_c
LIB
999
_c
18839
_d
18839